[Event "LTU-chT 4th 0809"]
[Site "Lithuania"]
[Date "2008.12.07"]
[Round "3.32"]
[White "Vasylius, Kestutis"]
[Black "Tamosaitis, Rimas"]
[Result "0-1"]
[WhiteElo "2105"]
[BlackElo "2196"]
[PlyCount "78"]
[EventDate "2008.11.08"]
[EventType "team"]
[EventRounds "9"]
[EventCountry "LTU"]
[SourceTitle "EXT 2024"]
[Source "ChessBase"]
[SourceDate "2023.10.10"]
[SourceVersion "1"]
[SourceVersionDate "2023.10.10"]
[SourceQuality "1"]

1. e4 g6 2. d4 Bg7 3. Nc3 c6 4. Nf3 d5 5. Bf4 Bg4 6. e5 e6 7. h3 Bxf3 8. Qxf3 Nd7 9. Qe3 Qa5 10. Be2 b5 11. 0-0 Ne7 12. a3 Nf5 13. Qd2 Qb6 14. Rfd1 a6 15. g4 Ne7 16. Bh6 Kf8 17. Qg5 Ng8 18. Bxg7+ Kxg7 19. Kg2 c5 20. dxc5 Qxc5 21. Rd2 h6 22. Qf4 g5 23. Qg3 Qc7 24. a4 b4 25. Na2 a5 26. Bb5 Nxe5 27. Re1 f6 28. f4 Ng6 29. f5 Nf4+ 30. Kf1 e5 31. c3 h5 32. Rh2 hxg4 33. hxg4 Rxh2 34. Qxh2 Ne7 35. cxb4 Rh8 36. Qg1 Qc2 37. Rc1 Qd2 38. Re1 Rh2 39. Nc1 Nh3 0-1

[Event "LTU-chT2 0708"]
[Site "Lithuania"]
[Date "2008.01.20"]
[Round "6.42"]
[White "Tamosaitis, Rimas"]
[Black "Rumiancev, Boris"]
[Result "1-0"]
[WhiteElo "2173"]
[BlackElo "2232"]
[PlyCount "83"]
[EventDate "2007.09.27"]
[EventType "team-tourn"]
[EventRounds "9"]
[EventCountry "LTU"]
[SourceTitle "EXT 2022"]
[Source "ChessBase"]
[SourceDate "2021.10.06"]
[SourceVersion "1"]
[SourceVersionDate "2021.10.06"]
[SourceQuality "1"]

1. d4 c5 2. d5 Nf6 3. Nc3 g6 4. e4 d6 5. Be2 Bg7 6. Bf4 a6 7. a4 Qa5 8. Bd2 Qc7 9. Bc4 Nbd7 10. f4 0-0 11. Nf3 Nb6 12. b3 Nxc4 13. bxc4 e6 14. 0-0 exd5 15. e5 Ne4 16. Nxd5 Qd8 17. Qe1 Nxd2 18. Qxd2 Bg4 19. Rae1 dxe5 20. fxe5 Be6 21. Rd1 Rc8 22. Qf4 Bxd5 23. cxd5 b5 24. h4 Qd7 25. Ng5 Qe7 26. Nf3 Rb8 27. Rfe1 Rbd8 28. Qe3 Rfe8 29. d6 Qa7 30. Rd5 bxa4 31. Qxc5 Qb7 32. Qa5 Rb8 33. c4 Red8 34. Qxa4 Qa7+ 35. c5 Rb5 36. Rc1 Bh6 37. Rc3 Qa8 38. Rd1 Rxc5 39. Rxc5 Be3+ 40. Kh1 Bxc5 41. Qc4 Be3 42. e6 1-0

[Event "LTU-chT2 0708"]
[Site "Lithuania"]
[Date "2007.09.30"]
[Round "1.11"]
[White "Kincinas, Rolandas"]
[Black "Tamosaitis, Rimas"]
[Result "0-1"]
[WhiteElo "2051"]
[BlackElo "2173"]
[PlyCount "96"]
[EventDate "2007.09.27"]
[EventType "team-tourn"]
[EventRounds "9"]
[EventCountry "LTU"]
[SourceTitle "EXT 2022"]
[Source "ChessBase"]
[SourceDate "2021.10.06"]
[SourceVersion "1"]
[SourceVersionDate "2021.10.06"]
[SourceQuality "1"]

1. e4 Nf6 2. Nc3 d5 3. exd5 Nxd5 4. Qf3 Nxc3 5. dxc3 e5 6. Bc4 Qf6 7. Qe4 Nc6 8. Nf3 Bf5 9. Qe2 h6 10. 0-0 0-0-0 11. Bb5 Bg4 12. h3 Bxf3 13. Qxf3 Qxf3 14. gxf3 Be7 15. Be3 a6 16. Bc4 Rhf8 17. b4 f5 18. f4 exf4 19. Bxf4 g5 20. Be6+ Kb8 21. Be3 f4 22. Bd4 Nxd4 23. cxd4 Rxd4 24. a3 Rd2 25. c4 Bf6 26. Rad1 Rfd8 27. Bg4 b5 28. cxb5 axb5 29. Rc1 Ra2 30. Rc5 Bd4 31. Rxb5+ Bb6 32. Rf5 Rxa3 33. Kg2 Ka7 34. h4 Rd2 35. hxg5 Rg3+ 36. Kh2 Rxg4 37. gxh6 Bxf2 38. Rh5 Bd4+ 39. Kh1 f3 40. h7 f2 41. h8Q Rg1+ 42. Kh2 Bxh8 43. Rxf2 Rxf2+ 44. Kxg1 Bd4 45. Rd5 Rd2+ 46. Kf1 Be3 47. Re5 Bf4 48. Re4 Bd6 0-1